[Event "Quebec-ch U12"]
[Site "Montreal CAN"]
[Date "2000.03.05"]
[Round "5"]
[White "Rodriguez, Aaron"]
[Black "Lawson, Jonathan"]
[Result "1-0"]
[WhiteElo "1194"]
[BlackElo "1105"]
[PlyCount "43"]
[GameId "2160767911732992"]
[EventDate "2000.03.03"]
[EventType "tourn"]
[EventRounds "5"]
[EventCountry "CAN"]

1. e4 e5 2. Nf3 Nc6 3. Bb5 Bc5 4. d3 d6 5. Bg5 Nf6 6. Nc3 h6 7. Be3 a6 8. Bxc6+ bxc6 9. Bxc5 dxc5 10. Nxe5 Bd7 11. O-O O-O 12. h3 Qc8 13. Kh2 Re8 14. Nf3 Rb8 15. Rb1 Be6 16. a3 Rd8 17. Ne5 Rb6 18. Na4 Rb7 19. Nxc6 Bd7 20. Nxd8 Qxd8 21. Nxc5 Rb5 22. Nxd7 1-0

[Event "Quebec-ch U14"]
[Site "Montreal CAN"]
[Date "2000.03.03"]
[Round "1"]
[White "Feoktistov, Dmitri"]
[Black "Exantus, Franz"]
[Result "1-0"]
[WhiteElo "1951"]
[BlackElo "738"]
[PlyCount "80"]
[GameId "2160767911732995"]
[EventDate "2000.03.03"]
[EventType "tourn"]
[EventRounds "4"]
[EventCountry "CAN"]

1. d4 d5 2. c4 e6 3. Nc3 Nf6 4. Bg5 Be7 5. e3 h6 6. Bh4 Nc6 7. Nf3 O-O 8. Be2 Re8 9. O-O a6 10. Rc1 Ne4 11. Bxe7 Qxe7 12. Qb3 Nxc3 13. bxc3 Na5 14. Qa4 b6 15. cxd5 exd5 16. Nd2 Bd7 17. Qc2 c5 18. Bf3 Bc6 19. Qb2 Qc7 20. c4 Rad8 21. dxc5 bxc5 22. Qa3 Bb7 23. cxd5 Bxd5 24. Rxc5 Qb7 25. Qxa5 Bxf3 26. Nxf3 Qd7 27. Rcc1 Qb7 28. h3 Rd5 29. Qc7 Qb5 30. Qc6 Qxc6 31. Rxc6 a5 32. Rb1 Rd3 33. Nd4 Ra3 34. Rc2 Rd3 35. Rcb2 Kh7 36. Rb7 f6 37. Ra7 Re5 38. Rbb7 Rg5 39. Ne6 Re5 40. Rxg7+ Kh8 1-0

[Event "Quebec-ch U14"]
[Site "Montreal CAN"]
[Date "2000.03.03"]
[Round "1"]
[White "Ouellet-Leveille, Bertrand"]
[Black "Lavrovsky, Alexandra"]
[Result "1-0"]
[WhiteElo "1614"]
[BlackElo "1493"]
[PlyCount "85"]
[GameId "2160767911732996"]
[EventDate "2000.03.03"]
[EventType "tourn"]
[EventRounds "4"]
[EventCountry "CAN"]

1. e4 c5 2. d4 cxd4 3. c3 Nc6 4. cxd4 Nf6 5. Nc3 g6 6. Bc4 d6 7. Nge2 Bg7 8. O-O O-O 9. h3 e5 10. d5 Ne7 11. Be3 Kh8 12. Rc1 Ne8 13. f4 f5 14. Bd3 fxe4 15. Bxe4 Nf6 16. Ng3 Nxe4 17. Ngxe4 Nf5 18. Bd2 Qb6+ 19. Kh1 a6 20. Qb3 Qd8 21. Ne2 Nd4 22. Nxd4 exd4 23. Bb4 a5 24. Bxd6 Re8 25. Ng5 Qf6 26. Bc7 b6 27. d6 Bd7 28. Nf7+ Kg8 29. Ne5+ Be6 30. Qxb6 Qf5 31. Qxd4 Bd7 32. Rfe1 Qh5 33. Qd5+ Be6 34. Qc6 Bxe5 35. fxe5 Qh6 36. d7 Bxd7 37. Qxd7 Rxe5 38. Bxe5 Qf8 39. Qe6+ Qf7 40. Rc8+ Rxc8 41. Qxc8+ Qf8 42. Qxf8+ Kxf8 43. a4 1-0

[Event "Quebec-ch U14"]
[Site "Montreal CAN"]
[Date "2000.03.03"]
[Round "2"]
[White "Exantus, Franz"]
[Black "Ouellet-Leveille, Bertrand"]
[Result "0-1"]
[WhiteElo "738"]
[BlackElo "1614"]
[PlyCount "90"]
[GameId "2160767911732997"]
[EventDate "2000.03.03"]
[EventType "tourn"]
[EventRounds "4"]
[EventCountry "CAN"]

1. d4 d5 2. c4 e6 3. Nc3 c6 4. e4 Bb4 5. Bd2 Bxc3 6. Bxc3 dxe4 7. Qc2 Nf6 8. f3 exf3 9. Nxf3 O-O 10. Be2 Nbd7 11. O-O Qc7 12. Bd3 b6 13. Ng5 h6 14. Ne4 Nxe4 15. Bxe4 Nf6 16. Bd3 Bb7 17. Rf3 c5 18. Rg3 Nh5 19. Rg4 f5 20. Rg6 Qf7 21. Rxe6 Qxe6 22. Rf1 g6 23. b4 Qe3+ 24. Kh1 Nf4 25. d5 Qxd3 26. Qf2 Qxc3 27. Qxf4 Qd3 28. bxc5 bxc5 29. Rg1 Bxd5 30. cxd5 Qxd5 31. Qxh6 Rf6 32. Qg5 Kg7 33. Qc1 Rd8 34. Qa3 Rd7 35. Qc3 Qd4 36. Qxd4 cxd4 37. Rd1 d3 38. Rd2 Re6 39. Kg1 Re2 40. Rd1 d2 41. Kf1 Re1+ 42. Rxe1 d1=Q 43. Rxd1 Rxd1+ 44. Ke2 Ra1 45. Kf3 Rxa2 0-1

[Event "Quebec-ch U14"]
[Site "Montreal CAN"]
[Date "2000.03.03"]
[Round "2"]
[White "Perecowicz, Jonathan"]
[Black "Feoktistov, Dmitri"]
[Result "0-1"]
[WhiteElo "1223"]
[BlackElo "1951"]
[PlyCount "104"]
[GameId "2160767911732998"]
[EventDate "2000.03.03"]
[EventType "tourn"]
[EventRounds "4"]
[EventCountry "CAN"]

1. e4 c6 2. d4 d5 3. exd5 cxd5 4. c4 Nf6 5. Nc3 Nc6 6. Be3 g6 7. h3 Bg7 8. Nf3 O-O 9. Be2 a6 10. O-O Be6 11. b3 Rc8 12. c5 Ne4 13. Na4 Bf5 14. Nb6 Rb8 15. Bf4 Nc3 16. Qd2 Nxe2+ 17. Qxe2 Nxd4 18. Nxd4 Bxd4 19. Rae1 Bxc5 20. Bxb8 Qxb6 21. Bg3 d4 22. Qc4 Rd8 23. Rc1 Bd6 24. Bxd6 Qxd6 25. Qc7 d3 26. Qxd6 Rxd6 27. g4 d2 28. Rcd1 Bc2 29. g5 Bxd1 30. Rxd1 Rd5 31. f4 Rd4 32. Kg2 Kf8 33. Kf3 Ke8 34. Ke3 Rd6 35. Rxd2 Rxd2 36. Kxd2 Kd7 37. Kd3 Kd6 38. Kd4 f6 39. h4 e5+ 40. fxe5+ fxe5+ 41. Ke4 Ke6 42. Ke3 Kf5 43. Kf3 e4+ 44. Ke3 Ke5 45. Ke2 Kf4 46. Kf2 Kg4 47. Ke3 Kxh4 48. Kxe4 Kxg5 49. Kf3 h5 50. Kg3 Kf5 51. Kh4 Ke4 52. Kg5 Kd4 0-1

[Event "Quebec-ch U14"]
[Site "Montreal CAN"]
[Date "2000.03.04"]
[Round "3"]
[White "Exantus, Franz"]
[Black "Lavrovsky, Alexandra"]
[Result "0-1"]
[WhiteElo "738"]
[BlackElo "1493"]
[PlyCount "76"]
[GameId "2160767911733000"]
[EventDate "2000.03.03"]
[EventType "tourn"]
[EventRounds "4"]
[EventCountry "CAN"]

1. d4 Nf6 2. c4 e6 3. Nc3 Bb4 4. Bd2 d5 5. a3 Bxc3 6. Bxc3 O-O 7. e3 Ne4 8. Bb4 Re8 9. f3 Qh4+ 10. g3 Nxg3 11. hxg3 Qxh1 12. Nh3 e5 13. g4 exd4 14. Qxd4 Qxf3 15. Kd2 Nc6 16. Qc5 Nxb4 17. axb4 Bxg4 18. Ng5 Qf2+ 19. Kc3 Qf6+ 20. Qd4 Qxg5 21. cxd5 Qxe3+ 22. Qxe3 Rxe3+ 23. Kd4 Rae8 24. Bd3 a6 25. Rc1 R8e7 26. b5 axb5 27. Bxb5 b6 28. d6 cxd6 29. Kd5 g6 30. Kxd6 R7e6+ 31. Kd5 R6e5+ 32. Kc6 Bf3+ 33. Kxb6 Rb3 34. Kc7 Rbxb5 35. Rb1 Re2 36. b4 Re4 37. Kd6 Rbxb4 38. Kc5 Rxb1 0-1

[Event "Quebec-ch U14"]
[Site "Montreal CAN"]
[Date "2000.03.04"]
[Round "3"]
[White "Ouellet-Leveille, Bertrand"]
[Black "Perecowicz, Jonathan"]
[Result "1/2-1/2"]
[WhiteElo "1614"]
[BlackElo "1223"]
[PlyCount "33"]
[GameId "2160767911733001"]
[EventDate "2000.03.03"]
[EventType "tourn"]
[EventRounds "4"]
[EventCountry "CAN"]

1. e4 c6 2. d4 d5 3. exd5 cxd5 4. c4 Nf6 5. Nc3 Nc6 6. Be3 g6 7. h3 Bg7 8. Nf3 O-O 9. Be2 Be6 10. b3 Ne4 11. Nxe4 dxe4 12. Ng5 Bf5 13. g4 Bc8 14. Nxe4 Nxd4 15. Rc1 b6 16. O-O Bb7 17. Bxd4 1/2-1/2

[Event "Quebec-ch U14"]
[Site "Montreal CAN"]
[Date "2000.03.04"]
[Round "4"]
[White "Feoktistov, Dmitri"]
[Black "Ouellet-Leveille, Bertrand"]
[Result "1/2-1/2"]
[WhiteElo "1951"]
[BlackElo "1614"]
[PlyCount "88"]
[GameId "2160767911733003"]
[EventDate "2000.03.03"]
[EventType "tourn"]
[EventRounds "4"]
[EventCountry "CAN"]

1. d4 d5 2. c4 e6 3. Nc3 c6 4. e3 Nf6 5. Nf3 Bd6 6. Bd3 O-O 7. O-O Nbd7 8. Qc2 e5 9. cxd5 cxd5 10. e4 dxe4 11. Nxe4 Qc7 12. Nxf6+ Nxf6 13. Qxc7 Bxc7 14. dxe5 Nd5 15. Rd1 Be6 16. Bc4 Rfd8 17. Bg5 f6 18. exf6 gxf6 19. Bxf6 Nxf6 20. Bxe6+ Kg7 21. Bf5 Re8 22. Kf1 Ba5 23. a3 Re7 24. b4 Bb6 25. Re1 Rae8 26. Rac1 h6 27. g4 a5 28. b5 Nd5 29. h4 Kf6 30. Bb1 Nf4 31. g5+ hxg5 32. hxg5+ Kg7 33. Rxe7+ Rxe7 34. Nh4 Re5 35. g6 Rh5 36. Nf5+ Kf6 37. Ng3 Rxb5 38. Rd1 Rd5 39. Rxd5 Nxd5 40. Nh5+ Kg5 41. Ng7 Ne7 42. Ne6+ Kf6 43. Nf4 Bc5 44. a4 Bd6 1/2-1/2

[Event "Quebec-ch U14"]
[Site "Montreal CAN"]
[Date "2000.03.04"]
[Round "4"]
[White "Lavrovsky, Alexandra"]
[Black "Perecowicz, Jonathan"]
[Result "1/2-1/2"]
[WhiteElo "1493"]
[BlackElo "1223"]
[PlyCount "112"]
[GameId "2160767911733004"]
[EventDate "2000.03.03"]
[EventType "tourn"]
[EventRounds "4"]
[EventCountry "CAN"]

1. Nf3 d5 2. d4 Bf5 3. Bf4 Nf6 4. e3 a6 5. Nbd2 Nc6 6. c4 e6 7. Rc1 Bb4 8. Be2 Ne4 9. O-O O-O 10. Nb3 Bd6 11. Bg3 Bxg3 12. hxg3 Ne7 13. Ne5 f6 14. Nf3 Nc8 15. Nh4 Ne7 16. Nxf5 Nxf5 17. Bd3 Nexg3 18. fxg3 Nxe3 19. Qh5 g6 20. Bxg6 hxg6 21. Qxg6+ Kh8 22. Qh6+ Kg8 23. Qg6+ Kh8 24. Qh6+ Kg8 25. Qxe3 Qd6 26. c5 Qe7 27. Rcd1 Rac8 28. c6 b6 29. Rf4 Qg7 30. Qe2 f5 31. Qf3 Rf6 32. Kf2 Rg6 33. Rh1 Rh6 34. Rxh6 Qxh6 35. Rh4 Qg7 36. Qh5 Rd8 37. Qh6 Qxh6 38. Rxh6 Rd6 39. Rh1 Rxc6 40. Rc1 Rxc1 41. Nxc1 c5 42. Ne2 Kf7 43. b3 Kf6 44. Ke3 e5 45. dxe5+ Kxe5 46. Ng1 d4+ 47. Kd3 b5 48. Ne2 a5 49. a4 bxa4 50. bxa4 Kd5 51. Nf4+ Ke5 52. Kc4 Ke4 53. Kxc5 d3 54. Nxd3 Kxd3 55. Kb5 Kd4 56. Kxa5 Kc5 1/2-1/2

[Event "Quebec-ch U14"]
[Site "Montreal CAN"]
[Date "2000.03.05"]
[Round "5"]
[White "Lavrovsky, Alexandra"]
[Black "Feoktistov, Dmitri"]
[Result "0-1"]
[WhiteElo "1493"]
[BlackElo "1951"]
[PlyCount "66"]
[GameId "2160767911733006"]
[EventDate "2000.03.03"]
[EventType "tourn"]
[EventRounds "4"]
[EventCountry "CAN"]

1. e4 c6 2. d4 d5 3. Nd2 dxe4 4. Nxe4 Bf5 5. Ng3 Bg6 6. Nf3 Nd7 7. Bc4 Qc7 8. O-O e6 9. Re1 Ngf6 10. Bd2 Bd6 11. Bc3 Rd8 12. a3 O-O 13. Qe2 Nb6 14. Bd3 Bxd3 15. Qxd3 c5 16. Qe2 Nbd5 17. Rad1 Nxc3 18. bxc3 Bxg3 19. hxg3 Nd5 20. Rd3 c4 21. Rd2 Nxc3 22. Qe5 Qb6 23. Qc5 Qa6 24. Re3 Nd5 25. Re1 Rc8 26. Qxc8 Rxc8 27. Ne5 Qxa3 28. Rde2 Qc3 29. Nxf7 Kxf7 30. Rxe6 Qxd4 31. R1e4 Qc5 32. Re7+ Nxe7 33. Rxe7+ Qxe7 0-1

[Event "Quebec-ch U14"]
[Site "Montreal CAN"]
[Date "2000.03.05"]
[Round "5"]
[White "Perecowicz, Jonathan"]
[Black "Exantus, Franz"]
[Result "1-0"]
[WhiteElo "1223"]
[BlackElo "738"]
[PlyCount "95"]
[GameId "2160767911733007"]
[EventDate "2000.03.03"]
[EventType "tourn"]
[EventRounds "4"]
[EventCountry "CAN"]

1. e4 c5 2. Nc3 Nc6 3. g3 Nf6 4. Bg2 e6 5. f4 d6 6. d3 Be7 7. h3 Qb6 8. Nge2 Bd7 9. a4 O-O-O 10. Be3 Nd4 11. b3 Ne8 12. a5 Qb4 13. Bd2 Bf6 14. Ra2 Nxe2 15. Nxe2 Qb5 16. Nc3 Qc6 17. O-O Bd4+ 18. Kh2 Bxc3 19. Bxc3 f6 20. Rb2 e5 21. b4 cxb4 22. Bxb4 g5 23. f5 h5 24. Bd2 Nc7 25. d4 Nb5 26. Be3 Rdg8 27. c4 Nc3 28. Qc1 Na4 29. Rc2 g4 30. h4 Qa6 31. Qd2 Rf8 32. Rd1 Nc5 33. dxc5 Ba4 34. cxd6 Bxc2 35. d7+ Kb8 36. Qxc2 Qxa5 37. c5 Kc7 38. Qd3 Kd8 39. Qd6 Qc7 40. Bf1 Qxd6 41. Rxd6 Rf7 42. Bb5 a6 43. Ba4 Rhh7 44. c6 Rh8 45. Bb6+ Ke7 46. c7 Kxd6 47. d8=Q+ Rxd8 48. cxd8=Q+ 1-0

[Event "Quebec-ch U16"]
[Site "Montreal CAN"]
[Date "2000.03.02"]
[Round "1"]
[White "Charbonneau, Anne-Marie"]
[Black "Galustov, Karen"]
[Result "0-1"]
[WhiteElo "1680"]
[BlackElo "1612"]
[PlyCount "52"]
[GameId "2160767911733013"]
[EventDate "2000.03.02"]
[EventType "tourn"]
[EventRounds "7"]
[EventCountry "CAN"]

1. d4 d5 2. c4 dxc4 3. Nf3 Nf6 4. Nc3 e6 5. Bg5 Be7 6. e3 O-O 7. Bxc4 c5 8. O-O Nc6 9. Rc1 cxd4 10. exd4 a6 11. a4 Qb6 12. Rc2 Rd8 13. Rd2 Nd5 14. Nxd5 exd5 15. Bxe7 Nxe7 16. Bd3 Bf5 17. Re1 Bxd3 18. Rxe7 Be4 19. Ne5 Re8 20. Rxe8+ Rxe8 21. Re2 Qc7 22. Nd3 Rc8 23. Qe1 Qc4 24. Nc5 Qxd4 25. Nxe4 dxe4 26. Rxe4 Qxe4 0-1

[Event "Quebec-ch U16"]
[Site "Montreal CAN"]
[Date "2000.03.02"]
[Round "1"]
[White "Laframboise, Marc-Andre"]
[Black "Miron, Francois"]
[Result "1-0"]
[WhiteElo "2090"]
[BlackElo "1864"]
[PlyCount "73"]
[GameId "2160767911733014"]
[EventDate "2000.03.02"]
[EventType "tourn"]
[EventRounds "7"]
[EventCountry "CAN"]

1. d4 f5 2. c4 Nf6 3. Nc3 g6 4. Bf4 Bg7 5. Nf3 d6 6. g3 O-O 7. Bg2 c6 8. O-O Nh5 9. Bc1 e5 10. d5 f4 11. dxc6 bxc6 12. e4 g5 13. Nxe5 Nxg3 14. Nxc6 Nxc6 15. Qd5+ Kh8 16. fxg3 Qb6+ 17. Kh1 Ne5 18. Qxa8 Bb7 19. Be3 Qxe3 20. Qxb7 f3 21. Rae1 Qd4 22. Qd5 Qb6 23. b3 g4 24. Nb5 Rd8 25. Qd4 Qa5 26. Qxa7 Qd2 27. Qf2 Qa5 28. Rd1 Bf8 29. Qd2 Qa8 30. Rfe1 h6 31. Bf1 Qb7 32. Qf4 Qb6 33. c5 Qa5 34. b4 Qa8 35. cxd6 Bg7 36. Qd2 Rf8 37. Qd5 1-0

[Event "Quebec-ch U16"]
[Site "Montreal CAN"]
[Date "2000.03.02"]
[Round "1"]
[White "Mogilevsky, Olga"]
[Black "Bachand-Fleurent, Julien"]
[Result "1-0"]
[WhiteElo "1615"]
[BlackElo "1893"]
[PlyCount "97"]
[GameId "2160767911733016"]
[EventDate "2000.03.02"]
[EventType "tourn"]
[EventRounds "7"]
[EventCountry "CAN"]

1. e4 e6 2. d4 d5 3. e5 c5 4. c3 Nc6 5. Nf3 Bd7 6. a3 f6 7. b4 fxe5 8. dxe5 Qc7 9. Bf4 Rc8 10. Nbd2 cxb4 11. cxb4 a5 12. b5 Nd8 13. Be2 Bc5 14. O-O Ne7 15. Nb3 b6 16. Bd3 Nf7 17. Qe2 O-O 18. h4 a4 19. Nbd2 Be8 20. g4 Qd7 21. h5 Nh8 22. Bg3 d4 23. Ng5 g6 24. Nde4 Nd5 25. Bc4 Be7 26. Rfd1 Bxg5 27. Nxg5 Nf7 28. Ne4 Qe7 29. Bxd5 exd5 30. Nf6+ Kh8 31. hxg6 hxg6 32. Kg2 Ng5 33. Rh1+ Kg7 34. Qd2 Rxf6 35. exf6+ Qxf6 36. Bh4 Qf3+ 37. Kh2 Ne4 38. Qxd4+ Kg8 39. Rae1 Rc5 40. Re3 Qxg4 41. Bg3 Qg5 42. Kg2 Bxb5 43. Qh8+ Kf7 44. Rh7+ Ke6 45. Qg8+ Kf5 46. Rf3+ Kg4 47. Qe6+ Qf5 48. Rh4+ Kg5 49. Rxf5+ 1-0

[Event "Quebec-ch U16"]
[Site "Montreal CAN"]
[Date "2000.03.02"]
[Round "2"]
[White "Galustov, Karen"]
[Black "Laframboise, Marc-Andre"]
[Result "0-1"]
[WhiteElo "1612"]
[BlackElo "2090"]
[PlyCount "60"]
[GameId "2160767911733018"]
[EventDate "2000.03.02"]
[EventType "tourn"]
[EventRounds "7"]
[EventCountry "CAN"]

1. d4 Nf6 2. c4 g6 3. Nc3 Bg7 4. e4 d6 5. f3 O-O 6. Be3 e5 7. d5 c6 8. Qd2 cxd5 9. cxd5 a6 10. Bd3 Nbd7 11. Nge2 b5 12. a3 Nb6 13. b3 Nfd7 14. O-O f5 15. exf5 gxf5 16. Bh6 Bxh6 17. Qxh6 Qf6 18. Qxf6 Nxf6 19. a4 b4 20. Nd1 Nbxd5 21. Bc4 Kh8 22. Nb2 Nc3 23. Nxc3 bxc3 24. Nd1 d5 25. Be2 d4 26. Bc4 Bb7 27. Re1 e4 28. f4 Bd5 29. Bxd5 Nxd5 30. g3 d3 0-1

[Event "Quebec-ch U16"]
[Site "Montreal CAN"]
[Date "2000.03.02"]
[Round "2"]
[White "Gottlieb, Jonathan"]
[Black "Charbonneau, Anne-Marie"]
[Result "0-1"]
[WhiteElo "2126"]
[BlackElo "1680"]
[PlyCount "78"]
[GameId "2160767911733019"]
[EventDate "2000.03.02"]
[EventType "tourn"]
[EventRounds "7"]
[EventCountry "CAN"]

1. e4 c5 2. Nf3 d6 3. d4 cxd4 4. Nxd4 Nf6 5. Nc3 g6 6. Be3 Bg7 7. Qd2 O-O 8. f3 Nc6 9. O-O-O d5 10. Kb1 a5 11. Nxc6 bxc6 12. exd5 Nxd5 13. Nxd5 cxd5 14. Qxd5 Qc7 15. Qc5 Qb7 16. Qb6 Qxb6 17. Bxb6 Rb8 18. Bxa5 Rxb2+ 19. Kc1 Rxa2 20. Bb4 Bh6+ 21. Kb1 Be6 22. c4 Rfa8 23. Bc3 R2a7 24. Kc2 Bd7 25. Kd3 Ra2 26. g4 Rd8 27. Bd4 Ba4 28. Re1 Ra3+ 29. Ke2 Rxd4 30. Kf2 Bc6 31. Bg2 Bg5 32. h4 Rd2+ 33. Kf1 Be3 34. h5 Bc5 35. h6 Raa2 36. Rb1 Rf2+ 37. Ke1 Rae2+ 38. Kd1 Ba4+ 39. Kc1 Be3# 0-1

[Event "Quebec-ch U16"]
[Site "Montreal CAN"]
[Date "2000.03.02"]
[Round "2"]
[White "Miron, Francois"]
[Black "Mogilevsky, Olga"]
[Result "1-0"]
[WhiteElo "1864"]
[BlackElo "1615"]
[PlyCount "59"]
[GameId "2160767911733020"]
[EventDate "2000.03.02"]
[EventType "tourn"]
[EventRounds "7"]
[EventCountry "CAN"]

1. e4 e5 2. d4 exd4 3. Nf3 Nc6 4. Bc4 d6 5. O-O Nf6 6. Nxd4 Bd7 7. Nc3 Be7 8. Nf5 O-O 9. Bg5 Ne5 10. Bb3 Be6 11. f4 Ned7 12. Qe2 Bxb3 13. axb3 Re8 14. e5 dxe5 15. Nxe7+ Qxe7 16. Ne4 Qb4 17. Nxf6+ Nxf6 18. Bxf6 Qb6+ 19. Kh1 Qxf6 20. Qc4 Re7 21. Qb4 b6 22. fxe5 Qg5 23. h4 c5 24. Qe4 Qxe5 25. Qxa8+ Re8 26. Qxa7 Qh5 27. Ra4 g5 28. Qd7 f6 29. Rxf6 gxh4 30. Rg4+ 1-0

[Event "Quebec-ch U16"]
[Site "Montreal CAN"]
[Date "2000.03.03"]
[Round "3"]
[White "Laframboise, Marc-Andre"]
[Black "Gottlieb, Jonathan"]
[Result "0-1"]
[WhiteElo "2090"]
[BlackElo "2126"]
[PlyCount "74"]
[GameId "2160767911733022"]
[EventDate "2000.03.02"]
[EventType "tourn"]
[EventRounds "7"]
[EventCountry "CAN"]

1. d4 d5 2. c4 e6 3. Nc3 c5 4. Nf3 Nc6 5. Bg5 f6 6. Bh4 cxd4 7. Nxd4 Qb6 8. Ndb5 d4 9. Bg3 dxc3 10. bxc3 e5 11. Rb1 Qa5 12. Rb3 a6 13. Nd6+ Bxd6 14. Qxd6 Qxa2 15. Qd1 Bf5 16. Rxb7 Na5 17. e4 Nxb7 18. exf5 Rd8 19. Qc1 Nc5 20. Be2 Nb3 21. Bh5+ Ke7 22. Qe3 Qb1+ 23. Ke2 Qc2+ 24. Kf3 Qxf5+ 25. Ke2 Rd2+ 26. Kf1 Qxh5 27. f3 Qf5 28. Be1 Qd3+ 29. Qxd3 Rxd3 30. Ke2 Nc1+ 31. Kf2 Rd1 32. c5 Nd3+ 33. Ke2 Rxe1+ 34. Rxe1 Nxe1 35. Kxe1 Kd7 36. Kd2 Kc6 37. Kd3 Kxc5 0-1

[Event "Quebec-ch U16"]
[Site "Montreal CAN"]
[Date "2000.03.03"]
[Round "3"]
[White "Miron, Francois"]
[Black "Bachand-Fleurent, Julien"]
[Result "1/2-1/2"]
[WhiteElo "1864"]
[BlackElo "1893"]
[PlyCount "100"]
[GameId "2160767911733023"]
[EventDate "2000.03.02"]
[EventType "tourn"]
[EventRounds "7"]
[EventCountry "CAN"]

1. e4 e6 2. d4 d5 3. exd5 exd5 4. c4 Nf6 5. Nc3 c6 6. Bd3 Be7 7. Nge2 O-O 8. O-O dxc4 9. Bxc4 b5 10. Bd3 a6 11. Re1 Kh8 12. Qc2 c5 13. dxc5 Bxc5 14. Ne4 Bb6 15. Bg5 Bb7 16. Nxf6 gxf6 17. Bh6 Rg8 18. Be4 Nc6 19. Rad1 Qe8 20. Qc3 Qe5 21. Qxe5 fxe5 22. Rd7 Na5 23. Bxb7 Ra7 24. Rxf7 Rxb7 25. Rxb7 Nxb7 26. Ng3 Bd4 27. b3 Nd6 28. Be3 b4 29. Rc1 Bc3 30. Ne2 Rc8 31. Kf1 Kg7 32. Rc2 Nb5 33. g3 Kg6 34. f4 Kf5 35. fxe5 Kxe5 36. Nf4 Ke4 37. Ke2 Nd4+ 38. Bxd4 Kxd4 39. Kf3 Rf8 40. Kg4 Re8 41. Kg5 Re7 42. Kh6 a5 43. Rg2 Kc5 44. Re2 Rd7 45. Ne6+ Kb5 46. Ng5 Bd2 47. Re5+ Kb6 48. Re6+ Kc5 49. Re2 Kb5 50. Re5+ Kb6 1/2-1/2

[Event "Quebec-ch U16"]
[Site "Montreal CAN"]
[Date "2000.03.03"]
[Round "3"]
[White "Mogilevsky, Olga"]
[Black "Galustov, Karen"]
[Result "1/2-1/2"]
[WhiteElo "1615"]
[BlackElo "1612"]
[PlyCount "54"]
[GameId "2160767911733024"]
[EventDate "2000.03.02"]
[EventType "tourn"]
[EventRounds "7"]
[EventCountry "CAN"]

1. e4 e6 2. d4 d5 3. e5 c5 4. c3 Nc6 5. Nf3 Qb6 6. a3 Nge7 7. b4 cxd4 8. cxd4 Nf5 9. Bb2 Be7 10. Be2 O-O 11. O-O f6 12. Kh1 fxe5 13. dxe5 Bd7 14. Nc3 Rac8 15. Nxd5 Qd8 16. Nc3 a6 17. Ne4 Qc7 18. Qb3 b5 19. Rad1 h6 20. g4 Nh4 21. Nxh4 Bxh4 22. Qh3 Be7 23. g5 hxg5 24. Bd3 Nxe5 25. Bxe5 Qxe5 26. Ng3 Bc6+ 27. Kg1 Qf6 1/2-1/2

[Event "Quebec-ch U16"]
[Site "Montreal CAN"]
[Date "2000.03.03"]
[Round "4"]
[White "Bachand-Fleurent, Julien"]
[Black "Charbonneau, Anne-Marie"]
[Result "1/2-1/2"]
[WhiteElo "1893"]
[BlackElo "1680"]
[PlyCount "86"]
[GameId "2160767911733025"]
[EventDate "2000.03.02"]
[EventType "tourn"]
[EventRounds "7"]
[EventCountry "CAN"]

1. e4 c5 2. Nf3 d6 3. d4 cxd4 4. Nxd4 Nf6 5. Nc3 g6 6. Be2 Bg7 7. Be3 O-O 8. O-O Nc6 9. f4 Bd7 10. Nb3 Rc8 11. Bf3 Qc7 12. Nb5 Qb8 13. N5d4 Nxd4 14. Bxd4 Bc6 15. Qe2 Nd7 16. Bxg7 Kxg7 17. c3 Nb6 18. Bg4 Bd7 19. f5 Nc4 20. f6+ exf6 21. Bxd7 Rc7 22. Bh3 Re8 23. Qf2 Qd8 24. Rae1 b6 25. Nd4 Ne5 26. Qc2 Rce7 27. g3 d5 28. Bg2 dxe4 29. Bxe4 Qc7 30. Bg2 a5 31. Kh1 Qc5 32. a3 Ng4 33. Rxe7 Rxe7 34. Qd2 Re3 35. Bf3 Qc4 36. Rd1 Rd3 37. Qg2 Ne3 38. Qg1 Nxd1 39. Bxd1 Qd5+ 40. Bf3 Rxf3 41. Nxf3 Qxf3+ 42. Qg2 Qd1+ 43. Qg1 Qf3+ 1/2-1/2

[Event "Quebec-ch U16"]
[Site "Montreal CAN"]
[Date "2000.03.03"]
[Round "4"]
[White "Galustov, Karen"]
[Black "Miron, Francois"]
[Result "0-1"]
[WhiteElo "1612"]
[BlackElo "1864"]
[PlyCount "52"]
[GameId "2160767911733026"]
[EventDate "2000.03.02"]
[EventType "tourn"]
[EventRounds "7"]
[EventCountry "CAN"]

1. d4 f5 2. c4 Nf6 3. Nc3 g6 4. g3 Bg7 5. Bg2 O-O 6. Nf3 d6 7. O-O c6 8. Qc2 Qc7 9. e4 e5 10. dxe5 dxe5 11. Nd2 f4 12. gxf4 exf4 13. Ne2 Ng4 14. Nf3 Nd7 15. Ned4 Bxd4 16. h3 Bxf2+ 17. Kh1 Ne3 18. Qxf2 Nxf1 19. Qxf1 Ne5 20. b3 Nxf3 21. Qxf3 Qe5 22. Rb1 Qc5 23. Qc3 Rf7 24. Bb2 Kf8 25. b4 Qh5 26. Qh8+ Ke7 0-1

[Event "Quebec-ch U16"]
[Site "Montreal CAN"]
[Date "2000.03.03"]
[Round "4"]
[White "Gottlieb, Jonathan"]
[Black "Mogilevsky, Olga"]
[Result "1-0"]
[WhiteElo "2126"]
[BlackElo "1615"]
[PlyCount "69"]
[GameId "2160767911733027"]
[EventDate "2000.03.02"]
[EventType "tourn"]
[EventRounds "7"]
[EventCountry "CAN"]

1. e4 e5 2. Nf3 Nc6 3. Bc4 Nf6 4. d3 Bc5 5. c3 O-O 6. O-O d6 7. Bb3 Bg4 8. h3 Be6 9. Bc2 d5 10. exd5 Nxd5 11. Nxe5 Nxe5 12. d4 Bd6 13. dxe5 Bxe5 14. Qh5 f5 15. Re1 Qd6 16. Na3 Nxc3 17. bxc3 Bxc3 18. Nb5 Qc5 19. Nxc3 Qxc3 20. Ba3 Qxa3 21. Rxe6 Qb2 22. Bb3 Kh8 23. Rd1 a5 24. Re7 a4 25. Be6 Qf6 26. Rdd7 Qa1+ 27. Kh2 Qe5+ 28. g3 Qc5 29. Kg2 Qc6+ 30. Bd5 Qf6 31. Be6 f4 32. Qh4 f3+ 33. Kh2 Qa1 34. Qg5 Rfe8 35. Rxg7 1-0

[Event "Quebec-ch U16"]
[Site "Montreal CAN"]
[Date "2000.03.04"]
[Round "5"]
[White "Galustov, Karen"]
[Black "Bachand-Fleurent, Julien"]
[Result "1/2-1/2"]
[WhiteElo "1612"]
[BlackElo "1893"]
[PlyCount "49"]
[GameId "2160767911733029"]
[EventDate "2000.03.02"]
[EventType "tourn"]
[EventRounds "7"]
[EventCountry "CAN"]

1. d4 d5 2. c4 e6 3. Nc3 c6 4. Nf3 dxc4 5. e4 b5 6. Be2 Bb7 7. O-O Nf6 8. Bg5 Be7 9. e5 Nd5 10. Ne4 f6 11. Bh4 Nd7 12. Bg3 f5 13. Nd6+ Bxd6 14. exd6 f4 15. Bh4 N7f6 16. Ng5 Qxd6 17. Bh5+ g6 18. Bg4 Nxg4 19. Qxg4 Bc8 20. Rfe1 O-O 21. Re5 Nb4 22. Nxh7 Kxh7 23. Rh5+ gxh5 24. Qxh5+ Kg7 25. Qg5+ 1/2-1/2

[Event "Quebec-ch U16"]
[Site "Montreal CAN"]
[Date "2000.03.04"]
[Round "5"]
[White "Laframboise, Marc-Andre"]
[Black "Charbonneau, Anne-Marie"]
[Result "1-0"]
[WhiteElo "2090"]
[BlackElo "1680"]
[PlyCount "135"]
[GameId "2160767911733030"]
[EventDate "2000.03.02"]
[EventType "tourn"]
[EventRounds "7"]
[EventCountry "CAN"]

1. d4 d5 2. c4 e6 3. Nc3 Nf6 4. cxd5 exd5 5. Bg5 c6 6. Qc2 Be7 7. e3 O-O 8. Bd3 g6 9. Nf3 Nh5 10. Bh6 Re8 11. Ne5 Bg5 12. g4 Nf4 13. exf4 Bxh6 14. g5 Bg7 15. O-O-O Bxe5 16. fxe5 c5 17. f4 c4 18. Be2 Bf5 19. Qd2 Na6 20. a3 Nc7 21. Bf3 Qd7 22. Qg2 Red8 23. h3 b5 24. Bg4 a5 25. Bxf5 Qxf5 26. Qg4 Qxg4 27. hxg4 b4 28. Na4 Ne6 29. Rhf1 Rab8 30. axb4 axb4 31. f5 Nxg5 32. Nc5 Ne4 33. Nxe4 dxe4 34. Rfe1 Ra8 35. Kb1 b3 36. Rxe4 Ra2 37. Re3 Rda8 38. Kc1 Ra1+ 39. Kd2 Rxd1+ 40. Kxd1 Rd8 41. Re4 gxf5 42. gxf5 Kf8 43. Kd2 Ke7 44. Rh4 Rg8 45. Rxh7 Rg2+ 46. Kc3 Rc2+ 47. Kb4 Ke8 48. f6 Rxb2 49. Kxc4 Rc2+ 50. Kxb3 Rc1 51. Kb4 Rc2 52. d5 Re2 53. e6 fxe6 54. Re7+ Kf8 55. dxe6 Rc2 56. Kb5 Rb2+ 57. Kc6 Rc2+ 58. Kb7 Rf2 59. Rf7+ Ke8 60. Kc8 Rd2 61. Rd7 Rc2+ 62. Rc7 Re2 63. Re7+ Kf8 64. Kd8 Rd2+ 65. Rd7 Re2 66. e7+ Kf7 67. e8=Q+ Kxf6 68. Rf7+ 1-0